What Year Was That? - Statistics

General Stats
  • This quiz has been taken 39 times
  • The average score is 8 of 10
Answer Stats
Hint Answer % Correct
- Valentina Tereshkova is the first woman to visit space- John F. Kennedy is assassinated - Martin Luther King Jr. delivers his "I Have a Dream" speech 1963
92%
- Berlin Wall falls- World Wide Web is proposed - Communist rule ends in Czechoslovakia 1989
92%
- Barack Obama is elected to office- Financial Crisis centered in the U.S. begins - Bitcoin is introduced as a concept 2008
92%
- Rosa Parks refuses to give up her seat- First vaccine for Polio is introduced - Warsaw Pact is formed 1955
87%
- French Revolution begins- George Washington becomes the first U.S. President - First U.S. Congress meeting 1789
77%
- Women in the U.S. gain the right to vote- League of Nations is established - First radio broadcast of a presidential election 1920
74%
- Wright Brothers fly the first powered airplane- Ford Motor Company is created - First World Series is played 1903
72%
- Titanic sinks- First human travels to space - Bay of Pigs Invasion occurs 1961
72%
- Eiffel Tower is completed- Statue of Liberty is dedicated - First modern Olympics are hosted 1889
64%
- Great Fire of London occurs- Isaac Newton is born - First Blood Transfusion 1666
54%
No matching quizzes found
Score Distribution
Percent of People with Each Score
Percentile by Number Answered
Your Score History
You have not taken this quiz